[Event "Africa-ch U12"]
[Site "Cairo"]
[Date "2017.12.04"]
[Round "2.7"]
[White "Alyeldin, Mohamed"]
[Black "Abdel Raouf, Zyad"]
[Result "1-0"]
[WhiteElo "1402"]
[BlackElo "1488"]
[PlyCount "95"]
[EventDate "2017.12.03"]
[EventType "swiss"]
[EventRounds "9"]
[EventCountry "EGY"]
[SourceTitle "EXT 2024"]
[Source "ChessBase"]
[SourceDate "2023.10.10"]
[SourceVersion "1"]
[SourceVersionDate "2023.10.10"]
[SourceQuality "1"]

1. e4 e5 2. Nf3 Nc6 3. Bb5 Nf6 4. 0-0 Bc5 5. d3 0-0 6. Bxc6 bxc6 7. Nxe5 Re8 8. Nf3 d5 9. exd5 Qxd5 10. Nc3 Qh5 11. Bf4 Bd6 12. Bxd6 cxd6 13. Re1 Bb7 14. Ne4 Nxe4 15. dxe4 Rad8 16. Qd3 h6 17. b3 Rb8 18. Qe3 Red8 19. Rad1 d5 20. exd5 Rxd5 21. Qc3 Rf5 22. Re5 Rxe5 23. Qxe5 Qxe5 24. Nxe5 Re8 25. Nf3 Re2 26. Rd2 Re7 27. h3 c5 28. a3 Kh7 29. Kh2 Bc6 30. Kg3 Kg6 31. Rd6+ Re6 32. Rxe6+ fxe6 33. Ne5+ Kf5 34. Nxc6 a6 35. Kf3 g5 36. g4+ Kf6 37. Ke4 Kf7 38. Ke5 c4 39. Na5 Ke7 40. Nxc4 Kd7 41. Nd6 Ke7 42. Ne4 Kd7 43. Nc5+ Kc6 44. Nxa6 Kb6 45. Kxe6 Kxa6 46. Kf6 Kb5 47. Kg6 Kc5 48. Kxh6 1-0